[Event "Titled Tue 3rd Jan Late"]
[Site "chess.com INT"]
[Date "2025.06.03"]
[Round "5"]
[White "Cornelisse, Lorelei"]
[Black "Gelman, Alexander"]
[Result "1/2-1/2"]
[WhiteTitle "WFM"]
[BlackTitle "IM"]
[WhiteElo "2132"]
[BlackElo "2403"]
[WhiteFideId "1087177"]
[BlackFideId "4118316"]
[EventDate "2025.06.03"]

1. d4 Nf6 2. Nc3 d5 3. Bf4 a6 4. e3 b5 5. Nf3 e6 6. Bd3 c5 7. dxc5 Bxc5 8. O-O
Bb7 9. a4 b4 10. Ne2 Nc6 11. Ng3 O-O 12. Ne5 Nxe5 13. Bxe5 Nd7 14. Bxh7+ Kxh7
15. Qh5+ Kg8 16. Bxg7 Kxg7 17. Qg4+ Kf6 18. Qh4+ Kg6 19. Qh5+ Kg7 20. Qg4+ Kf6
21. Qh4+ Kg6 22. Qh5+ Kg7 1/2-1/2

[Event "Titled Tue 3rd Jan Late"]
[Site "chess.com INT"]
[Date "2025.06.03"]
[Round "5"]
[White "Montiel, Angel Nathanael"]
[Black "Radchenko, Alexey"]
[Result "0-1"]
[WhiteTitle "CM"]
[BlackTitle "FM"]
[WhiteElo "2011"]
[BlackElo "2293"]
[WhiteFideId "3706923"]
[BlackFideId "4192362"]
[EventDate "2025.06.03"]

1. b3 d5 2. Bb2 c6 3. e3 Nd7 4. Nf3 Qc7 5. d4 f6 6. Bd3 e5 7. dxe5 fxe5 8. e4
Ngf6 9. Qe2 Bb4+ 10. c3 Bd6 11. Nbd2 Nc5 12. Bc2 O-O 13. O-O-O a5 14. exd5 cxd5
15. Nf1 a4 16. b4 a3 17. Ba1 Nce4 18. Bxe4 dxe4 19. Ng5 Bxb4 20. Nxe4 Nxe4 21.
Qxe4 Bxc3 22. Qc2 Bb2+ 23. Bxb2 axb2+ 24. Kxb2 Rxa2+ 0-1

[Event "Titled Tue 3rd Jan Late"]
[Site "chess.com INT"]
[Date "2025.06.03"]
[Round "5"]
[White "Jing, Andrew"]
[Black "Garzon Zapatanga, Christopher Leonel"]
[Result "0-1"]
[WhiteTitle "FM"]
[BlackTitle "FM"]
[WhiteElo "2254"]
[BlackElo "2168"]
[WhiteFideId "30984076"]
[BlackFideId "3634787"]
[EventDate "2025.06.03"]

1. e4 c5 2. Nf3 d6 3. Bb5+ Bd7 4. Bxd7+ Qxd7 5. c4 Nc6 6. Nc3 g6 7. d4 cxd4 8.
Nxd4 Bg7 9. Be3 Nf6 10. f3 O-O 11. O-O Rfc8 12. b3 a6 13. Rc1 Nxd4 14. Bxd4 b5
15. Nd5 Nxd5 16. Bxg7 Ne3 17. Qd4 Nxf1 18. c5 Qc6 19. Kxf1 e5 0-1

[Event "Titled Tue 3rd Jan Late"]
[Site "chess.com INT"]
[Date "2025.06.03"]
[Round "5"]
[White "Brozynski, Patryk"]
[Black "Melendez Manuel A."]
[Result "0-1"]
[WhiteTitle "CM"]
[BlackTitle "FM"]
[WhiteElo "2219"]
[BlackElo "2154"]
[WhiteFideId "2512700"]
[BlackFideId "6706800"]
[EventDate "2025.06.03"]

1. Nf3 c5 2. b3 Nc6 3. Bb2 Nf6 4. e3 g6 5. d4 cxd4 6. Nxd4 Bg7 7. Be2 O-O 8. O-O
d5 9. c4 Nxd4 10. Bxd4 Re8 11. cxd5 Qxd5 12. Nc3 Qa5 13. Bb5 Rd8 14. Qc1 a6 15.
Be2 e5 16. b4 Qc7 17. Bc5 b6 18. f3 bxc5 0-1

[Event "Titled Tue 3rd Jan Late"]
[Site "chess.com INT"]
[Date "2025.06.03"]
[Round "5"]
[White "Sindarov, Islombek"]
[Black "Buchenau, Frank"]
[Result "1-0"]
[WhiteTitle "CM"]
[BlackTitle "FM"]
[WhiteElo "2129"]
[BlackElo "2190"]
[WhiteFideId "14205475"]
[BlackFideId "4604350"]
[EventDate "2025.06.03"]

1. Nf3 Nf6 2. g3 b6 3. Bg2 Bb7 4. O-O e6 5. d3 d5 6. Nbd2 Nbd7 7. b3 Bd6 8. Bb2
Qe7 9. Qe1 Ba3 10. Bxa3 Qxa3 11. e4 dxe4 12. dxe4 e5 13. Qe3 1-0

[Event "Titled Tue 3rd Jan Late"]
[Site "chess.com INT"]
[Date "2025.06.03"]
[Round "5"]
[White "Molinaroli, Martin"]
[Black "Diaz Cesar, Wilsaida Pieranlly"]
[Result "1-0"]
[WhiteTitle "FM"]
[BlackTitle "WFM"]
[WhiteElo "2161"]
[BlackElo "1892"]
[WhiteFideId "4606604"]
[BlackFideId "6403557"]
[EventDate "2025.06.03"]

1. b3 e5 2. Bb2 Nc6 3. e3 d5 4. Bb5 Bd6 5. Nf3 Bg4 6. h3 Bxf3 7. Qxf3 Ne7 8. O-O
O-O 9. d3 Nb4 10. d4 Nxc2 11. dxe5 Bc5 12. Bd3 Nxa1 13. Qh5 g6 14. Qh6 Qd7 15.
e6 1-0

[Event "Titled Tue 3rd Jan Late"]
[Site "chess.com INT"]
[Date "2025.06.03"]
[Round "5"]
[White "Volkov, Maksim"]
[Black "Garcia Almaguer, Juan Manuel"]
[Result "0-1"]
[WhiteTitle "FM"]
[BlackTitle "CM"]
[WhiteElo "2370"]
[BlackElo "2142"]
[WhiteFideId "54123070"]
[BlackFideId "5110491"]
[EventDate "2025.06.03"]

1. e4 e5 2. Nf3 Nc6 3. Bb5 a6 4. Ba4 Nf6 5. O-O Be7 6. Re1 b5 7. Bb3 O-O 8. c3
d5 9. d4 exd4 10. e5 Ne4 11. cxd4 Na5 12. Bc2 f5 13. exf6 Bxf6 14. Nc3 Nxc3 15.
bxc3 g6 16. a4 Bg4 17. h3 Bxf3 18. Qxf3 Bxd4 19. Qd3 Bxf2+ 20. Kf1 Bxe1+ 21.
Kxe1 Qh4+ 22. Kd1 Rae8 23. Be3 Nc4 24. Qxd5+ Rf7 25. Bd4 Qe1# 0-1

[Event "Titled Tue 3rd Jan Late"]
[Site "chess.com INT"]
[Date "2025.06.03"]
[Round "5"]
[White "Nguyen Hong Nhung"]
[Black "Akhayan, Ruben"]
[Result "1-0"]
[WhiteTitle "WFM"]
[BlackTitle "FM"]
[WhiteElo "2197"]
[BlackElo "2265"]
[WhiteFideId "12412201"]
[BlackFideId "204439"]
[EventDate "2025.06.03"]

1. e4 e5 2. Nf3 Nc6 3. d4 exd4 4. Nxd4 Nf6 5. Nc3 Bb4 6. Nxc6 bxc6 7. Bd3 d5 8.
exd5 O-O 9. O-O cxd5 10. h3 c6 11. Qf3 Bd6 12. Ne2 Rb8 13. b3 Rb4 14. Bb2 Re8
15. Nd4 Bd7 16. Rfe1 c5 17. Nf5 Bxf5 18. Qxf5 Rf4 19. Bxf6 1-0

[Event "Titled Tue 3rd Jan Late"]
[Site "chess.com INT"]
[Date "2025.06.03"]
[Round "5"]
[White "Tripodi, Enzo"]
[Black "Maklakova, Nellija"]
[Result "1-0"]
[WhiteElo "2215"]
[BlackElo "1926"]
[WhiteFideId "2822674"]
[BlackFideId "11603470"]
[EventDate "2025.06.03"]

1. e4 e6 2. d4 d5 3. Nc3 dxe4 4. Nxe4 Nf6 5. Nxf6+ Qxf6 6. Nf3 h6 7. Be3 Bd7 8.
Ne5 Bd6 9. Nxd7 Nxd7 10. Bd3 c6 11. O-O g5 12. c4 h5 13. Be4 Qg7 14. d5 cxd5 15.
cxd5 f5 16. dxe6 fxe4 17. Qxd6 Ne5 18. Bd4 Rd8 19. Qxe5 Qe7 20. Qxh8+ 1-0

[Event "Titled Tue 3rd Jan Late"]
[Site "chess.com INT"]
[Date "2025.06.03"]
[Round "5"]
[White "Naroditsky, Daniel"]
[Black "Xiong, Jeffery"]
[Result "1/2-1/2"]
[WhiteTitle "GM"]
[BlackTitle "GM"]
[WhiteElo "2619"]
[BlackElo "2636"]
[WhiteFideId "2026961"]
[BlackFideId "2047640"]
[EventDate "2025.06.03"]

1. e4 c5 2. Nf3 Nc6 3. Bb5 e6 4. O-O Nge7 5. c3 a6 6. Ba4 Ng6 7. d4 cxd4 8. cxd4
d5 9. exd5 exd5 10. Bg5 Be7 11. Bxc6+ bxc6 12. Bxe7 Nxe7 13. Ne5 O-O 14. Nd2 Qb6
15. Nb3 a5 16. Re1 Nf5 17. Qd2 f6 18. Nf3 Nd6 19. Re7 Qd8 20. Ree1 Qb6 21. Re7
Qd8 22. Ree1 Qb6 1/2-1/2

[Event "Titled Tue 3rd Jan Late"]
[Site "chess.com INT"]
[Date "2025.06.03"]
[Round "5"]
[White "Bian, Alex"]
[Black "Petrenko, Maryna"]
[Result "1-0"]
[WhiteTitle "FM"]
[BlackTitle "WFM"]
[WhiteElo "2342"]
[BlackElo "2116"]
[WhiteFideId "2056372"]
[BlackFideId "14197820"]
[EventDate "2025.06.03"]

1. e4 c6 2. d4 d5 3. f3 e6 4. Nc3 Nf6 5. Bf4 Qb6 6. a3 dxe4 7. fxe4 c5 8. Nb5
Na6 9. d5 exd5 10. exd5 Bg4 11. Be2 Bxe2 12. Qxe2+ Kd8 13. O-O-O Rc8 14. Nf3 c4
15. Ne5 1-0

[Event "Titled Tue 3rd Jan Late"]
[Site "chess.com INT"]
[Date "2025.06.03"]
[Round "5"]
[White "Medina Paz, Miguel"]
[Black "Vaganian, Rafael A"]
[Result "0-1"]
[WhiteTitle "IM"]
[BlackTitle "GM"]
[WhiteElo "2368"]
[BlackElo "2449"]
[WhiteFideId "7300379"]
[BlackFideId "13300016"]
[EventDate "2025.06.03"]

1. d4 e6 2. c4 d5 3. Nf3 Nf6 4. Nc3 Be7 5. Bg5 h6 6. Bf4 O-O 7. e3 Nbd7 8. Rc1
c5 9. cxd5 Nxd5 10. Nxd5 exd5 11. Bd3 c4 12. Bb1 Qa5+ 13. Nd2 b5 14. O-O Bb7 15.
e4 dxe4 16. Nxe4 Rfd8 17. b3 Ba3 18. Rc2 Bxe4 19. Re2 Bxb1 20. Qxb1 Nb6 21. Bc7
Re8 22. Rfe1 Rxe2 23. Rxe2 Qc3 24. Qe4 Qd3 25. Qe5 Nd5 26. h4 Nxc7 0-1

[Event "Titled Tue 3rd Jan Late"]
[Site "chess.com INT"]
[Date "2025.06.03"]
[Round "5"]
[White "Sanal, Vahap"]
[Black "Caprio, Guido"]
[Result "1-0"]
[WhiteTitle "GM"]
[BlackTitle "IM"]
[WhiteElo "2555"]
[BlackElo "2435"]
[WhiteFideId "6300545"]
[BlackFideId "834580"]
[EventDate "2025.06.03"]

1. e4 Nc6 2. Nf3 d6 3. d4 Nf6 4. Bd3 Nb4 5. O-O Nxd3 6. Qxd3 g6 7. Nc3 Bg7 8. h3
O-O 9. Bg5 c6 10. Rfe1 h6 11. Be3 Nd7 12. Qd2 Kh7 13. Rad1 e6 14. Ne2 Qe7 15.
Ng3 b6 16. c4 b5 17. c5 dxc5 18. dxc5 Nxc5 19. Qb4 Re8 20. Bxc5 a5 21. Qa3 Qb7
22. e5 b4 23. Qe3 Qb5 24. Ne4 Ba6 25. Rd7 Qf1+ 1-0

[Event "Titled Tue 3rd Jan Late"]
[Site "chess.com INT"]
[Date "2025.06.03"]
[Round "5"]
[White "Jasinski, Alexander"]
[Black "Swara Lakshmi S Nair"]
[Result "1-0"]
[BlackTitle "WCM"]
[WhiteElo "1964"]
[BlackElo "2178"]
[WhiteFideId "55627994"]
[BlackFideId "25629239"]
[EventDate "2025.06.03"]

1. e4 c5 2. Nf3 d6 3. Bb5+ Bd7 4. Bxd7+ Qxd7 5. c4 Nc6 6. d4 Nf6 7. Nc3 cxd4 8.
Nxd4 g6 9. b3 Bg7 10. Bb2 O-O 11. O-O a6 12. Re1 b5 13. Nxc6 Qxc6 14. Nd5 Nxd5
15. exd5 Qd7 16. Bxg7 Kxg7 17. Qd4+ f6 18. Re4 bxc4 19. Rae1 Rf7 20. bxc4 Rb8
21. h4 h5 22. Re6 Qc7 23. g3 Rb4 24. R1e4 Rb1+ 25. Kg2 Qa5 26. Rxe7 Qxa2 27.
Rxf7+ Kxf7 28. Qa7+ Kg8 29. Re8# 1-0

[Event "Titled Tue 3rd Jan Late"]
[Site "chess.com INT"]
[Date "2025.06.03"]
[Round "5"]
[White "Araujo Filho, Luiz Antonio Coel"]
[Black "Ferriz Barrios, Andres"]
[Result "1/2-1/2"]
[BlackTitle "FM"]
[WhiteElo "2077"]
[BlackElo "2102"]
[WhiteFideId "2130661"]
[BlackFideId "5104467"]
[EventDate "2025.06.03"]

1. d4 Nf6 2. Nf3 e6 3. e3 d5 4. Bd3 Nbd7 5. Nbd2 Bd6 6. Qe2 b6 7. e4 dxe4 8.
Nxe4 Bb7 9. O-O O-O 10. Bg5 Be7 11. c3 Nxe4 12. Bxe7 Qxe7 13. Bxe4 Bxe4 14. Qxe4
Rad8 15. Qb7 Qd6 16. Qxa7 Ra8 17. Qb7 c6 18. Ne5 Nxe5 19. dxe5 Qc5 20. Qc7 Rfd8
21. Rad1 Rxd1 22. Rxd1 h6 23. Rd8+ Rxd8 24. Qxd8+ Kh7 25. Qd4 Qb5 26. b3 c5 27.
Qe4+ g6 28. g3 Qd7 29. Qc2 Qd5 30. Qe2 h5 31. h4 b5 32. Kh2 b4 33. cxb4 cxb4 34.
Qb2 Qf3 35. Kg1 Qd1+ 36. Kh2 Qf3 37. Kg1 Qd1+ 38. Kh2 Qf3 1/2-1/2

[Event "Titled Tue 3rd Jan Late"]
[Site "chess.com INT"]
[Date "2025.06.03"]
[Round "5"]
[White "Schuster, Karsten"]
[Black "Annaberdiyev, Babageldi"]
[Result "1-0"]
[WhiteTitle "FM"]
[BlackTitle "FM"]
[WhiteElo "2266"]
[BlackElo "2208"]
[WhiteFideId "4611071"]
[BlackFideId "14000385"]
[EventDate "2025.06.03"]

1. d4 e6 2. c4 f5 3. g3 Nf6 4. Bg2 d5 5. Nf3 c6 6. Qc2 Bd6 7. O-O O-O 8. b3 Qe7
9. Ne5 Nbd7 10. Bb2 Ne4 11. f3 Nxe5 12. fxe4 Ng4 13. e5 Bc7 14. Ba3 Qe8 15. Bxf8
Ne3 16. Qc1 Nxf1 17. Bd6 Bb6 18. c5 Nxh2 19. Kxh2 Qh5+ 20. Kg1 Bd8 21. Qe3 Bg5
22. Qf3 Qh6 23. Kf2 Bd7 24. Nc3 Be8 25. Rh1 Qg6 26. e3 b6 27. b4 bxc5 28. Bxc5
a5 29. b5 cxb5 30. Nxd5 Rc8 31. Nb6 Bc6 32. Qe2 Rc7 33. Bxc6 Rxc6 34. Qf3 Rc7
35. Qa8+ 1-0

[Event "Titled Tue 3rd Jan Late"]
[Site "chess.com INT"]
[Date "2025.06.03"]
[Round "5"]
[White "Dambaev, Dashi"]
[Black "Torosyan, Volodya"]
[Result "0-1"]
[WhiteTitle "CM"]
[BlackTitle "CM"]
[WhiteElo "2211"]
[BlackElo "2186"]
[WhiteFideId "55628494"]
[BlackFideId "13319051"]
[EventDate "2025.06.03"]

1. d4 c6 2. c4 e6 3. Nf3 Nf6 4. Qc2 d5 5. g3 Nbd7 6. Bg2 Bb4+ 7. Bd2 Be7 8. O-O
O-O 9. Rc1 a5 10. b3 Ne4 11. Bf4 g5 12. Be3 f5 13. Ne5 Nxe5 14. dxe5 b5 15. cxb5
cxb5 16. f3 d4 17. fxe4 dxe3 18. exf5 Ra7 19. f6 Bb4 20. a3 Bd2 21. Nc3 Rc7 22.
Qb2 Bxc1 23. Rxc1 Qd2 24. Rc2 Qe1+ 25. Bf1 Qf2+ 26. Kh1 Bb7+ 0-1

[Event "Titled Tue 3rd Jan Late"]
[Site "chess.com INT"]
[Date "2025.06.03"]
[Round "5"]
[White "Bullen, Alex"]
[Black "Tologon tegin, Semetei"]
[Result "1-0"]
[WhiteTitle "CM"]
[BlackTitle "IM"]
[WhiteElo "2160"]
[BlackElo "2313"]
[WhiteFideId "1801627"]
[BlackFideId "13800574"]
[EventDate "2025.06.03"]

1. c3 f5 2. d4 Nf6 3. h3 d6 4. Bg5 g6 5. Nd2 Bg7 6. Bxf6 Bxf6 7. e4 e5 8. dxe5
Bxe5 9. Ngf3 Bg7 10. Qc2 O-O 11. Bc4+ Kh8 12. O-O Nc6 13. Rfe1 fxe4 14. Nxe4
Rxf3 15. gxf3 Bxh3 16. Qd2 Ne5 17. Be2 Qf8 18. Ng5 Bf5 19. Qf4 Bh6 20. Qh4 Qf6
21. Qxh6 Qe7 22. f4 Nd7 23. Bf3 Qg7 24. Qxg7+ Kxg7 25. Re7+ Kg8 26. Rae1 Nf6 27.
Rxc7 h6 28. Ne4 Nd5 29. Rxb7 Nxf4 30. Nf6+ Kf8 31. Rh7 1-0

[Event "Titled Tue 3rd Jan Late"]
[Site "chess.com INT"]
[Date "2025.06.03"]
[Round "5"]
[White "Ozkan, Taha"]
[Black "Rajaram, Rohan"]
[Result "0-1"]
[WhiteTitle "FM"]
[BlackTitle "CM"]
[WhiteElo "2247"]
[BlackElo "2164"]
[WhiteFideId "34577173"]
[BlackFideId "30940729"]
[EventDate "2025.06.03"]

1. d4 Nf6 2. c4 e6 3. Nc3 Bb4 4. Qc2 c5 5. dxc5 Na6 6. a3 Bxc3+ 7. Qxc3 Nxc5 8.
e3 O-O 9. Nf3 b6 10. Be2 Bb7 11. O-O Rc8 12. Qc2 d5 13. Rd1 Qe7 14. Bd2 dxc4 15.
Qxc4 Ba6 16. Qxa6 Nxa6 17. Bxa6 Rc2 18. Bb4 Qc7 19. Bd6 Qd8 20. Bxf8 Qxf8 21. b4
g6 22. Nd4 Rb2 23. Nc6 Qh6 24. Rd8+ Kg7 25. h3 Qh4 26. Rf1 Ne4 27. Rd7 Nxf2 28.
Ne5 Nxh3+ 29. Kh2 Nf4+ 0-1

[Event "Titled Tue 3rd Jan Late"]
[Site "chess.com INT"]
[Date "2025.06.03"]
[Round "5"]
[White "Pranav, V"]
[Black "Murzin, Volodar"]
[Result "1-0"]
[WhiteTitle "GM"]
[BlackTitle "GM"]
[WhiteElo "2621"]
[BlackElo "2658"]
[WhiteFideId "25060783"]
[BlackFideId "44155573"]
[EventDate "2025.06.03"]

1. Nf3 Nf6 2. g3 g6 3. Bg2 Bg7 4. O-O O-O 5. d3 c5 6. e4 Nc6 7. Nc3 d6 8. h3 Rb8
9. a4 a6 10. Re1 e5 11. Bg5 h6 12. Bxf6 Bxf6 13. Nd2 Be6 14. Nc4 Bg7 15. Nd5 Kh8
16. c3 f5 17. f4 Rf7 18. exf5 Bxf5 19. Nce3 Be6 20. Be4 Ne7 21. Nxe7 Rxe7 22.
Bxg6 exf4 23. gxf4 Bxh3 24. Qh5 Bd7 25. Nd5 Rxe1+ 26. Rxe1 Qf8 27. Re7 Bc6 28.
Rf7 Qc8 29. Qxh6+ Bxh6 30. Rh7+ Kg8 31. Nf6+ 1-0

[Event "Titled Tue 3rd Jan Late"]
[Site "chess.com INT"]
[Date "2025.06.03"]
[Round "5"]
[White "Distaso, Antonio Pio"]
[Black "Tilahun, Abel Mathewos"]
[Result "1-0"]
[BlackTitle "CM"]
[WhiteElo "2253"]
[BlackElo "1944"]
[WhiteFideId "805548"]
[BlackFideId "15702391"]
[EventDate "2025.06.03"]

1. e4 c5 2. Nf3 d6 3. d4 cxd4 4. Nxd4 Nf6 5. Nc3 a6 6. h3 g6 7. Be3 Bg7 8. Qd2
O-O 9. g4 b5 10. Bg2 Bb7 11. f4 e5 12. Nde2 b4 13. Nd5 Nxd5 14. exd5 exf4 15.
Nxf4 Bxb2 16. O-O Bxa1 17. Rxa1 Nd7 18. Qxb4 Qc7 19. Rf1 Ne5 20. Bd4 a5 21. Qd2
Ba6 22. Rf2 Rab8 23. Nh5 Rb1+ 24. Kh2 Kh8 25. Qh6 Rg8 26. Nf6 Rg7 27. Ne8 1-0

[Event "Titled Tue 3rd Jan Late"]
[Site "chess.com INT"]
[Date "2025.06.03"]
[Round "5"]
[White "Mikhalevski, Victor"]
[Black "Adewumi, Tanitoluwa"]
[Result "1-0"]
[WhiteTitle "GM"]
[BlackTitle "FM"]
[WhiteElo "2513"]
[BlackElo "2376"]
[WhiteFideId "2801914"]
[BlackFideId "30966396"]
[EventDate "2025.06.03"]

1. Nf3 g6 2. g3 Bg7 3. d4 d6 4. Bg2 Nf6 5. b3 O-O 6. Bb2 c5 7. dxc5 Qa5+ 8. Nbd2
Qxc5 9. O-O Qc7 10. c4 Nc6 11. Rc1 a5 12. a3 e5 13. Nb1 Ne4 14. Nfd2 Nc5 15. Nc3
Be6 16. Nd5 Qd8 17. Nb1 Nd4 18. b4 axb4 19. axb4 Na4 20. Ba3 Bg4 21. Re1 Bh6 22.
h3 Bxc1 23. Bxc1 Bf5 24. Bh6 Re8 25. Qd2 Nb6 26. Bg5 Nxc4 27. Qc1 Qc8 28. Nf6+
Kh8 29. Nxe8 Ra1 30. Bf6+ Kg8 31. Qh6 Bxh3 32. Qg7# 1-0

[Event "Titled Tue 3rd Jan Late"]
[Site "chess.com INT"]
[Date "2025.06.03"]
[Round "5"]
[White "Escareno Rojas, Angel Salvador"]
[Black "Chen, Yidong"]
[Result "0-1"]
[WhiteElo "1965"]
[BlackElo "2038"]
[WhiteFideId "5107733"]
[BlackFideId "8607028"]
[EventDate "2025.06.03"]

1. d4 Nf6 2. c4 g6 3. Nc3 d5 4. cxd5 Nxd5 5. e4 Nxc3 6. bxc3 Bg7 7. Bc4 c5 8.
Ne2 O-O 9. O-O Nc6 10. Bb2 Qc7 11. Bb3 Rd8 12. Qc2 Na5 13. Rac1 b6 14. Bd5 Rb8
15. dxc5 e6 16. cxb6 Qxb6 17. Bb3 Nxb3 18. axb3 Qxb3 19. Ba1 Ba6 20. Rfe1 Qc4
21. Nd4 Rbc8 22. Qb3 Rxd4 23. cxd4 Qxb3 24. Rxc8+ Bxc8 25. Rc1 Qb7 26. f3 Bd7
27. Kf2 h5 28. Bc3 Qa6 29. Rc2 Qd3 30. Rc1 Bh6 31. Ra1 Qxc3 32. Rxa7 Qxd4+ 0-1

[Event "Titled Tue 3rd Jan Late"]
[Site "chess.com INT"]
[Date "2025.06.03"]
[Round "5"]
[White "Rajanish, Adhvaith"]
[Black "Vazelakis, Dimitrios"]
[Result "0-1"]
[WhiteElo "2084"]
[BlackElo "1857"]
[WhiteFideId "30946719"]
[BlackFideId "4203674"]
[EventDate "2025.06.03"]

1. e4 d6 2. d4 Nf6 3. Nc3 e5 4. dxe5 dxe5 5. Qxd8+ Kxd8 6. Bg5 Be6 7. Nf3 Bd6 8.
Nb5 Ke7 9. Nxd6 cxd6 10. O-O-O Nc6 11. Bxf6+ gxf6 12. c3 a6 13. b3 b5 14. Kb2
Rhb8 15. h3 a5 16. g4 a4 17. Nh4 b4 18. c4 Nd4 19. bxa4 Rxa4 20. Nf5+ Bxf5 21.
exf5 Rba8 22. Ra1 Ra3 23. Bg2 R8a5 24. Rhe1 b3 25. Bd5 Rxa2+ 26. Kc3 Rxa1 0-1

[Event "Titled Tue 3rd Jan Late"]
[Site "chess.com INT"]
[Date "2025.06.03"]
[Round "5"]
[White "Rosenberg, Evan S"]
[Black "Alizadeh, Mohammad Mahdi"]
[Result "0-1"]
[BlackTitle "CM"]
[WhiteElo "1989"]
[BlackElo "2015"]
[WhiteFideId "2019299"]
[BlackFideId "22598820"]
[EventDate "2025.06.03"]

1. c4 c5 2. Nf3 g6 3. d4 cxd4 4. Nxd4 Nc6 5. e4 Bg7 6. Nc2 d6 7. Be2 a5 8. O-O
Nf6 9. Nc3 O-O 10. Be3 Nd7 11. Qd2 Nc5 12. Bh6 a4 13. Bxg7 Kxg7 14. Rad1 Qa5 15.
f4 f5 16. Nd4 Nxe4 17. Nxe4 fxe4 18. Qe3 Qc5 19. Qxe4 e5 20. fxe5 dxe5 21. Rxf8
Kxf8 22. Rf1+ Kg7 23. Kh1 Qxd4 24. Qf3 Bf5 25. g4 0-1

[Event "Titled Tue 3rd Jan Late"]
[Site "chess.com INT"]
[Date "2025.06.03"]
[Round "5"]
[White "Drygalov, Andrey"]
[Black "Matta, Vinay Kumar"]
[Result "1-0"]
[WhiteTitle "GM"]
[BlackTitle "FM"]
[WhiteElo "2431"]
[BlackElo "2120"]
[WhiteFideId "24171735"]
[BlackFideId "5016649"]
[EventDate "2025.06.03"]

1. e4 e5 2. Nf3 Nc6 3. Bc4 Bc5 4. O-O Nf6 5. d3 h6 6. c3 d6 7. Re1 Bb6 8. Bb3
O-O 9. h3 Ne7 10. Nbd2 Ng6 11. Nf1 Re8 12. Ng3 c6 13. d4 Be6 14. Bc2 Qd7 15. Be3
Rad8 16. Qd2 exd4 17. Bxd4 Bxd4 18. Nxd4 d5 19. e5 Nh7 20. f4 c5 21. Nxe6 Rxe6
22. f5 Rxe5 23. fxg6 Rxe1+ 24. Rxe1 fxg6 25. Bxg6 Nf6 26. Nh5 Nxh5 27. Bxh5 Qf5
28. Bg4 Qf6 29. Qf2 Qb6 30. Re7 Kh8 31. Qf7 c4+ 32. Kh1 1-0

[Event "Titled Tue 3rd Jan Late"]
[Site "chess.com INT"]
[Date "2025.06.03"]
[Round "5"]
[White "Thake, Conrad"]
[Black "Harish, Neeraj"]
[Result "1-0"]
[WhiteTitle "CM"]
[BlackTitle "CM"]
[WhiteElo "1873"]
[BlackElo "2192"]
[WhiteFideId "5602947"]
[BlackFideId "30958130"]
[EventDate "2025.06.03"]

1. c4 c6 2. Nc3 d5 3. d4 Nf6 4. Nf3 e6 5. Bg5 h6 6. Bh4 dxc4 7. e4 g5 8. Bg3 b5
9. a3 Nbd7 10. Be2 Bb7 11. O-O Bg7 12. h4 g4 13. Ne5 h5 14. Qd2 c5 15. Nxd7 Qxd7
16. d5 exd5 17. exd5 O-O-O 18. d6 Ne4 19. Nxe4 Bxe4 20. a4 b4 21. Bxc4 Bd4 22.
Bb5 Bc6 23. Rac1 Kb8 24. Bxc6 Qxc6 25. Qxd4 cxd4 26. Rxc6 Rd7 27. Rc7 Rhd8 28.
Rxd7 Rxd7 29. Be5 f6 30. Bxf6 Kb7 31. Be5 Kc6 32. Rd1 Kd5 33. Bxd4 a5 34. Bb6+
Kc4 35. Bxa5 Kb3 36. Rd4 Kxa4 37. Bxb4 Kb3 38. Bc3 Kc2 39. Kh2 Kb3 40. Kg3 Kc2
41. Kf4 Kb3 42. Kg5 Kc2 43. Kxh5 Kb3 44. Kxg4 Kc2 45. Kh3 Kb3 46. g4 Kc2 47. h5
Kb3 48. h6 Kc2 49. g5 Kb3 50. f4 1-0

[Event "Titled Tue 3rd Jan Late"]
[Site "chess.com INT"]
[Date "2025.06.03"]
[Round "5"]
[White "Calvo Gonzalez, Jose Felix"]
[Black "Yevchenko, Oleksandr"]
[Result "1-0"]
[WhiteTitle "CM"]
[BlackTitle "CM"]
[WhiteElo "2168"]
[BlackElo "2276"]
[WhiteFideId "54505615"]
[BlackFideId "14108267"]
[EventDate "2025.06.03"]

1. e4 c5 2. Nf3 d6 3. d4 cxd4 4. Nxd4 Nf6 5. Nc3 a6 6. Bg5 e6 7. f4 Be7 8. Qf3
Qc7 9. O-O-O Nbd7 10. Bd3 b5 11. Rhe1 Bb7 12. Qg3 b4 13. Nd5 exd5 14. exd5 Kd8
15. Nc6+ Bxc6 16. dxc6 Qxc6 17. Bh4 Rc8 18. Qxg7 Re8 19. Qxf7 Nc5 20. Bf5 Rc7
21. Bxf6 b3 22. Rxe7 Rcxe7 23. axb3 Nxb3+ 24. Qxb3 Rf8 25. Bxe7+ Kxe7 26. Qe6+ 1-0

[Event "Titled Tue 3rd Jan Late"]
[Site "chess.com INT"]
[Date "2025.06.03"]
[Round "5"]
[White "Zepeda Berlanga, Jan Enrique"]
[Black "Crispin Ferreras, Darvi Abraham"]
[Result "0-1"]
[WhiteTitle "CM"]
[BlackTitle "CM"]
[WhiteElo "1941"]
[BlackElo "2124"]
[WhiteFideId "5132355"]
[BlackFideId "6402771"]
[EventDate "2025.06.03"]

1. e4 e6 2. d4 d5 3. Nc3 Bb4 4. Ne2 dxe4 5. a3 Bxc3+ 6. Nxc3 Nf6 7. Bg5 Nc6 8.
d5 exd5 9. Bxf6 Qxf6 10. Nxd5 Qd6 11. Bc4 O-O 12. O-O Ne5 13. Bb3 Bg4 14. Qe1
Bf3 15. Qc3 c6 16. Ne3 Rae8 17. Nf5 Qg6 18. Ng3 h5 19. h4 Qg4 20. Rfe1 Qxh4 21.
Nxe4 Bxe4 22. Qd4 Ng4 23. Rxe4 Rxe4 24. Qxe4 Qxf2+ 0-1